Name The Movie From The Character - Statistics

General Stats
  • This quiz has been taken 68 times
  • The average score is 14 of 20
Answer Stats
Picture Answer % Correct
Barbie
96%
The Hunger Games
95%
The Terminator
89%
The Wolf Of Wall Street
88%
Pirates Of The Caribbean
86%
The Lord Of The Rings
86%
Back To The Future
81%
Titanic
81%
Star Wars: Revenge Of The Sith
79%
The Addams Family
79%
Mean Girls
74%
The Hangover
70%
The Truman Show
68%
Scream
54%
Mr & Mrs Smith
49%
Pitch Perfect
47%
Hacksaw Ridge
42%
The Maze Runner
42%
The Notebook
42%
Journey 2: The Mysterious Island
12%
No matching quizzes found
Score Distribution
Percent of People with Each Score
Percentile by Number Answered
Your Score History
You have not taken this quiz